000 01655nam a22003614a 4500
001 ebr10430491
003 CaPaEBR
006 m u
007 cr cn|||||||||
008 100121s2010 arua sb 001 0 eng
010 _z 2010001568
020 _z9781593323967 (hardcover : alk. paper)
040 _aCaPaEBR
_cCaPaEBR
035 _a(OCoLC)732955801
050 1 4 _aHV6208
_b.K55 2010eb
082 0 4 _a364.2/2
_222
100 1 _aKikuchi, George,
_d1980-
245 1 0 _aNeighborhood structures and crime
_h[electronic resource] :
_ba spatial analysis /
_cGeorge Kikuchi.
260 _aEl Paso :
_bLFB Scholarly Pub. LLC,
_cc2010.
300 _axiii, 200 p. :
_bill.
490 1 _aCriminal justice: recent scholarship
504 _aIncludes bibliographical references (p. 181-196) and index.
505 0 _aIntroduction -- Longitudinal analysis of crime rates at the neighborhood level -- An analysis of spatially varying associations between neighborhood characteristics and crime -- A spatial analysis of criminal offenders' target selection -- Conclusion.
533 _aElectronic reproduction.
_bPalo Alto, Calif. :
_cebrary,
_d2013.
_nAvailable via World Wide Web.
_nAccess may be limited to ebrary affiliated libraries.
650 0 _aCriminal statistics.
650 0 _aNeighborhoods.
650 0 _aCrime analysis.
650 0 _aSpatial analysis (Statistics)
655 7 _aElectronic books.
_2local
710 2 _aebrary, Inc.
830 0 _aCriminal justice (LFB Scholarly Publishing LLC)
856 4 0 _uhttp://site.ebrary.com/lib/rucke/Doc?id=10430491
_zAn electronic book accessible through the World Wide Web; click to view
999 _c233833
_d233833